[Event "CZE-chT2C 2122"]
[Site "Czech Republic"]
[Date "2021.12.19"]
[Round "5.5"]
[White "Joukl, Zdenek"]
[Black "Hulin, Petr"]
[Result "1/2-1/2"]
[WhiteElo "2040"]
[BlackElo "2044"]
[PlyCount "57"]
[EventDate "2021.10.17"]
[EventType "team-tourn"]
[EventRounds "11"]
[EventCountry "CZE"]
[SourceTitle "EXT 2025"]
[Source "ChessBase"]
[SourceDate "2024.10.14"]
[SourceVersion "1"]
[SourceVersionDate "2024.10.14"]
[SourceQuality "1"]
[WhiteTeam "Tanvald Jiskra"]
[BlackTeam "Bakov nad Jizerou"]
[WhiteTeamCountry "CZE"]
[BlackTeamCountry "CZE"]

1. d4 Nf6 2. Nf3 e6 3. b3 b6 4. Bb2 Bb7 5. Nbd2 c5 6. e3 cxd4 7. exd4 Be7 8. Bd3 0-0 9. 0-0 d6 10. Re1 Nbd7 11. c4 h6 12. Rc1 Re8 13. h3 Nf8 14. a3 Qc7 15. b4 Rad8 16. Qb3 N6h7 17. Rc2 Ng5 18. Nxg5 Bxg5 19. Ne4 Qe7 20. Nxg5 Qxg5 21. Bf1 Ng6 22. Bc1 Qh4 23. g3 Qf6 24. Bg2 Bxg2 25. Kxg2 e5 26. d5 Ne7 27. Bb2 Qg6 28. Rce2 Nf5 29. Kh2 1/2-1/2

[Event "WchT Seniors 65"]
[Site "Prague"]
[Date "2020.03.10"]
[Round "5.21"]
[White "Joukl, Zdenek"]
[Black "Becvar, Miroslav"]
[Result "1/2-1/2"]
[WhiteElo "2047"]
[BlackElo "1857"]
[PlyCount "48"]
[EventDate "2020.03.06"]
[EventType "team-swiss"]
[EventRounds "7"]
[EventCountry "CZE"]
[SourceTitle "CBM 195 Extra"]
[Source "ChessBase"]
[SourceDate "2020.05.31"]
[SourceVersion "1"]
[SourceVersionDate "2020.05.31"]
[SourceQuality "1"]
[WhiteTeam "Czech Republic 65 IV"]
[BlackTeam "Czech Republic 65 VIII"]
[WhiteTeamCountry "CZE"]
[BlackTeamCountry "CZE"]

1. d4 e6 2. Nf3 d5 3. Bf4 Nf6 4. e3 Bd6 5. Ne5 Nbd7 6. Nd2 Nf8 7. Bd3 Ng6 8. Bg3 c6 9. 0-0 Qc7 10. f4 b6 11. c4 0-0 12. Qc2 Bb7 13. Rac1 Qe7 14. a3 c5 15. Nxg6 hxg6 16. Bh4 cxd4 17. exd4 Rac8 18. Qa4 Bc6 19. Qd1 dxc4 20. Nxc4 Bb8 21. Ne5 Qd6 22. Nxc6 Rxc6 23. Rxc6 Qxc6 24. Qf3 Qxf3 1/2-1/2

[Event "CZE-chT2C 1920"]
[Site "Czech Republic"]
[Date "2020.01.12"]
[Round "6.5"]
[White "Joukl, Zdenek"]
[Black "Krivanek, Vladimir"]
[Result "0-1"]
[WhiteElo "2043"]
[BlackElo "2176"]
[PlyCount "84"]
[EventDate "2019.10.13"]
[EventType "team-tourn"]
[EventRounds "11"]
[EventCountry "CZE"]
[SourceTitle "EXT 2024"]
[Source "ChessBase"]
[SourceDate "2023.10.10"]
[SourceVersion "1"]
[SourceVersionDate "2023.10.10"]
[SourceQuality "1"]
[WhiteTeam "Mlada Boleslav"]
[BlackTeam "Bakov nad Jizerou"]
[WhiteTeamCountry "CZE"]
[BlackTeamCountry "CZE"]

1. d4 c5 2. c3 d5 3. Nf3 Nc6 4. Bf4 Nf6 5. e3 Bg4 6. h3 Bxf3 7. Qxf3 Qb6 8. Qe2 a6 9. Qc2 e6 10. Bd3 Rc8 11. Qb3 Qxb3 12. axb3 Nh5 13. dxc5 Nxf4 14. exf4 Bxc5 15. Nd2 0-0 16. 0-0 d4 17. Ne4 Be7 18. Rfe1 Rfd8 19. Rad1 Rd7 20. Rd2 Rcd8 21. Red1 dxc3 22. bxc3 f5 23. Ng3 Bf6 24. Ne2 b5 25. b4 a5 26. bxa5 Nxa5 27. g4 g6 28. gxf5 gxf5 29. Kh2 Nc4 30. Bxc4 Rxd2 31. Rxd2 Rxd2 32. Bxb5 Kf7 33. Kg3 Rb2 34. Ba6 Bxc3 35. Nxc3 Rb3 36. Kg2 Rxc3 37. Bb7 Ke7 38. Bf3 Kd6 39. Bh5 Kd5 40. Bf7 Rc7 41. Be8 Ke4 42. Kg3 Rg7+ 0-1

[Event "Pardubice op rapid 29th"]
[Site "Pardubice"]
[Date "2018.07.19"]
[Round "7"]
[White "Joukl, Zdenek"]
[Black "Ludvik, Tomas"]
[Result "0-1"]
[WhiteElo "2029"]
[BlackElo "2048"]
[PlyCount "118"]
[EventDate "2018.07.18"]
[EventType "swiss (rapid)"]
[EventRounds "9"]
[EventCountry "CZE"]
[SourceTitle "CBM 185 Extra"]
[Source "ChessBase"]
[SourceDate "2018.07.29"]
[SourceVersion "1"]
[SourceVersionDate "2018.07.29"]
[SourceQuality "1"]

1. d4 d5 2. Nf3 Nf6 3. Bf4 c5 4. e3 Nc6 5. Nc3 Qa5 6. Nd2 cxd4 7. Nb3 Qb6 8. exd4 a6 9. Be2 Bf5 10. 0-0 e6 11. Bd3 Bg6 12. Re1 Be7 13. a3 0-0 14. Bxg6 hxg6 15. h3 Na5 16. Nxa5 Qxa5 17. Qd2 Rac8 18. f3 Rc4 19. Kh1 Rfc8 20. Be5 Nd7 21. Bg3 Bf6 22. Bf2 Qb6 23. Rab1 Bxd4 24. Bxd4 Rxd4 25. Qe3 Rdc4 26. Qg5 d4 27. Ne4 Rxc2 28. b4 e5 29. h4 Qe6 30. Rbd1 Qf5 31. Qg3 R8c6 32. Nc5 R6xc5 33. bxc5 Rxc5 34. Rc1 d3 35. Rxc5 Nxc5 36. Rxe5 d2 37. Rxf5 d1Q+ 38. Kh2 gxf5 39. Qe5 Qc2 40. Qe8+ Kh7 41. Qxf7 Qd2 42. Qxf5+ g6 43. Qxc5 Qf4+ 44. Kg1 Qxh4 45. Qc7+ Kh6 46. Qxb7 Qe1+ 47. Kh2 Qh4+ 48. Kg1 Qd4+ 49. Kh2 Qd6+ 50. Kh3 Qxa3 51. Qc8 Qd3 52. Qh8+ Kg5 53. Qh4+ Kf5 54. g4+ Ke6 55. Kg3 a5 56. g5 Qd6+ 57. Kh3 Qd5 58. Qf4 Qf5+ 59. Qxf5+ Kxf5 0-1

[Event "Wch Seniors 65 26th"]
[Site "Marianske Lazne"]
[Date "2016.11.30"]
[Round "11"]
[White "Sprotte, Norbert"]
[Black "Joukl, Zdenek"]
[Result "1-0"]
[WhiteElo "2196"]
[BlackElo "2108"]
[PlyCount "101"]
[EventDate "2016.11.19"]
[EventType "swiss"]
[EventRounds "11"]
[EventCountry "CZE"]
[SourceTitle "CBM 175 Extra"]
[Source "ChessBase"]
[SourceDate "2016.12.12"]
[SourceVersion "1"]
[SourceVersionDate "2016.12.12"]
[SourceQuality "1"]

1. d4 Nf6 2. Nf3 d6 3. Nc3 Nbd7 4. e4 e5 5. Bc4 Be7 6. 0-0 0-0 7. h3 c6 8. dxe5 dxe5 9. a4 a5 10. Qe2 Qc7 11. Nh4 Nc5 12. Nf5 Bxf5 13. exf5 Rad8 14. g4 Kh8 15. Re1 Nd5 16. Bxd5 cxd5 17. Qxe5 Qxe5 18. Rxe5 Bf6 19. Re1 d4 20. Ne4 Nxe4 21. Rxe4 d3 22. cxd3 Rxd3 23. Be3 h6 24. Ra3 Rfd8 25. Re8+ Kh7 26. Rxd8 Rxa3 27. bxa3 Bxd8 28. Bc5 h5 29. f3 Bg5 30. Kf2 g6 31. fxg6+ Kxg6 32. Bb6 Bc1 33. Bxa5 Bxa3 34. Ke3 hxg4 35. hxg4 f5 36. Bd8 fxg4 37. fxg4 Kf7 38. Kd3 Ke8 39. Bf6 Bc1 40. Kc4 Kd7 41. Kb5 Kc8 42. Be5 Be3 43. Kc4 Kd7 44. Kd5 Bg5 45. Bg3 Bd2 46. Ke5 Kc6 47. Bf4 Bc3+ 48. Ke6 Bg7 49. g5 Kb6 50. Be5 Bf8 51. Kf7 1-0

[Event "Wch Seniors 65 26th"]
[Site "Marianske Lazne"]
[Date "2016.11.28"]
[Round "9"]
[White "Jorgensen, Arne Bjorn"]
[Black "Joukl, Zdenek"]
[Result "0-1"]
[WhiteElo "1965"]
[BlackElo "2108"]
[PlyCount "54"]
[EventDate "2016.11.19"]
[EventType "swiss"]
[EventRounds "11"]
[EventCountry "CZE"]
[SourceTitle "CBM 175 Extra"]
[Source "ChessBase"]
[SourceDate "2016.12.12"]
[SourceVersion "1"]
[SourceVersionDate "2016.12.12"]
[SourceQuality "1"]

1. d4 d5 2. Nf3 Bf5 3. Bf4 e6 4. e3 Nf6 5. Bd3 Ne4 6. 0-0 Be7 7. c4 g5 8. Bg3 h5 9. h3 Nxg3 10. fxg3 Bxd3 11. Qxd3 dxc4 12. Qxc4 Nc6 13. Nc3 g4 14. hxg4 hxg4 15. Ne5 Nxe5 16. dxe5 Qd2 17. Qe2 Qxe2 18. Nxe2 Rh5 19. Rf4 Rxe5 20. Rxg4 0-0-0 21. Kf2 Rd2 22. Ke1 Rxb2 23. e4 b6 24. a3 f5 25. Rg8+ Kb7 26. Nc3 Rc2 27. Rg7 Bd6 0-1

[Event "Wch Seniors 65 26th"]
[Site "Marianske Lazne"]
[Date "2016.11.23"]
[Round "5"]
[White "Rooze, Jan"]
[Black "Joukl, Zdenek"]
[Result "1-0"]
[WhiteElo "2335"]
[BlackElo "2108"]
[PlyCount "75"]
[EventDate "2016.11.19"]
[EventType "swiss"]
[EventRounds "11"]
[EventCountry "CZE"]
[SourceTitle "CBM 175 Extra"]
[Source "ChessBase"]
[SourceDate "2016.12.12"]
[SourceVersion "1"]
[SourceVersionDate "2016.12.12"]
[SourceQuality "1"]

1. e4 c6 2. d4 d5 3. e5 Bf5 4. Nf3 e6 5. Be2 Ne7 6. 0-0 Bg6 7. Nbd2 Nd7 8. Nb3 Nf5 9. Bd2 Be7 10. g4 Nh4 11. Nxh4 Bxh4 12. f4 Be4 13. Bf3 Be7 14. Bxe4 dxe4 15. Qe2 Qc7 16. Qxe4 0-0-0 17. c4 Kb8 18. Rac1 b6 19. c5 Rc8 20. cxb6 axb6 21. f5 exf5 22. Rxf5 f6 23. Bf4 g6 24. e6 Ne5 25. Bxe5 fxe5 26. Rf7 h5 27. dxe5 hxg4 28. Nd4 c5 29. Nb5 Qd8 30. Qa4 Rc7 31. Rd1 Qe8 32. Qa6 Qc6 33. Nxc7 g3 34. Qa8+ Qxa8 35. Nxa8 gxh2+ 36. Kh1 Bd8 37. Rxd8+ Rxd8 38. e7 1-0

[Event "CZE-chT2B 1516"]
[Site "Czech Republic"]
[Date "2016.03.13"]
[Round "9.8"]
[White "Joukl, Zdenek"]
[Black "Hadrava, Jaroslav"]
[Result "0-1"]
[WhiteElo "2098"]
[BlackElo "1987"]
[PlyCount "154"]
[EventDate "2015.10.18"]
[EventType "team-tourn"]
[EventRounds "11"]
[EventCountry "CZE"]
[SourceTitle "EXT 2022"]
[Source "ChessBase"]
[SourceDate "2021.10.06"]
[SourceVersion "1"]
[SourceVersionDate "2021.10.06"]
[SourceQuality "1"]
[WhiteTeam "Bakov nad Jizerou"]
[BlackTeam "Unichess II"]
[WhiteTeamCountry "CZE"]
[BlackTeamCountry "CZE"]

1. d4 d6 2. Nf3 c6 3. Bf4 Bg4 4. Nbd2 Qc7 5. h3 Bh5 6. e3 Nd7 7. Be2 h6 8. a4 Ngf6 9. Bh2 Bg6 10. 0-0 0-0-0 11. c4 Ne4 12. Nxe4 Bxe4 13. Nd2 Bh7 14. b4 e5 15. Qb3 f5 16. a5 g5 17. b5 c5 18. d5 Bg7 19. Rfb1 Qb8 20. e4 fxe4 21. Qe3 Nf6 22. b6 a6 23. Bd1 Kd7 24. Bc2 Rdf8 25. Nxe4 Bxe4 26. Bxe4 Nxe4 27. Qxe4 Rf7 28. Qg4+ Kd8 29. Qe6 Rhf8 30. Bg3 Rf6 31. Qg4 Qc8 32. Ra3 Qxg4 33. hxg4 Kd7 34. Re3 R6f7 35. Rbb3 Rh8 36. Rf3 Rhf8 37. Rxf7+ Rxf7 38. Re3 Rf8 39. Kf1 Rf7 40. f3 Bf6 41. Ke2 Bg7 42. Kd3 Bh8 43. Ke4 Bg7 44. Re1 Rf8 45. Rh1 Rf7 46. Bh2 Rf8 47. g3 Rf7 48. Bg1 Ke7 49. Be3 Kd7 50. Bd2 Ke7 51. f4 exf4 52. gxf4 gxf4 53. Bxf4 Bc3 54. Rxh6 Rxf4+ 55. Kd3 Bxa5 56. g5 Rf7 57. Rh8 Bxb6 58. Rb8 Bd8 59. Ke4 Ke8 60. g6 Rf6 61. g7 Rg6 62. Rxb7 Be7 63. Ra7 Rxg7 64. Rxa6 Rg4+ 65. Kd3 Kf7 66. Ra7 Kf6 67. Kc3 Rg3+ 68. Kc2 Rg7 69. Kb3 Ke5 70. Ra1 Bf8 71. Re1+ Kd4 72. Rd1+ Ke3 73. Rf1 Rb7+ 74. Kc2 Bg7 75. Rg1 Be5 76. Rg4 Rb2+ 77. Kc1 Rf2 0-1

[Event "CZE-chT2B 1415"]
[Site "Czech Republic"]
[Date "2015.03.15"]
[Round "9.4"]
[White "Riha, Jaroslav1"]
[Black "Joukl, Zdenek"]
[Result "1/2-1/2"]
[WhiteElo "2037"]
[BlackElo "2062"]
[PlyCount "104"]
[EventDate "2014.11.02"]
[EventType "team-tourn"]
[EventRounds "11"]
[EventCountry "CZE"]
[SourceTitle "EXT 2022"]
[Source "ChessBase"]
[SourceDate "2021.10.06"]
[SourceVersion "1"]
[SourceVersionDate "2021.10.06"]
[SourceQuality "1"]
[WhiteTeam "Usti nad Labem"]
[BlackTeam "Bakov nad Jizerou"]
[WhiteTeamCountry "CZE"]
[BlackTeamCountry "CZE"]

1. c4 d6 2. g3 e5 3. Bg2 c6 4. Nc3 Nf6 5. e4 Be7 6. Nge2 Be6 7. d3 Qd7 8. 0-0 Bh3 9. d4 Bxg2 10. Kxg2 Qc7 11. d5 Nbd7 12. b3 h5 13. h4 Ng4 14. f3 Nh6 15. Be3 f6 16. Qd2 c5 17. Bxh6 Rxh6 18. f4 a6 19. Nd1 0-0-0 20. Ne3 Rh7 21. f5 Rg8 22. a3 Kb8 23. Rab1 Bd8 24. Rfc1 Ka8 25. b4 b6 26. Qc2 Nb8 27. Rb2 Rhh8 28. Rcb1 g5 29. fxg6 Rxg6 30. Nf5 Rhg8 31. Qa4 Rg4 32. Kf3 cxb4 33. Rxb4 Qc5 34. Rb5 Qc8 35. R1b3 Qd7 36. Nh6 R8g7 37. Nf5 Rxe4 38. Kxe4 Rg4+ 39. Nf4 exf4 40. gxf4 Qe8+ 41. Kf3 Qe1 42. Rb1 Qc3+ 43. Ne3 Qd4 44. R5b3 Rxf4+ 45. Ke2 Rxh4 46. Qe8 Rh2+ 47. Kf3 Qh4 48. R1b2 Qh3+ 49. Kf4 Qh4+ 50. Kf3 Qh3+ 51. Kf4 Qh4+ 52. Kf3 Qh3+ 1/2-1/2

[Event "CZE-chT2B 1314"]
[Site "Czech Republic"]
[Date "2014.03.23"]
[Round "10.4"]
[White "Joukl, Zdenek"]
[Black "Vichnar, David"]
[Result "0-1"]
[WhiteElo "2052"]
[BlackElo "2203"]
[PlyCount "66"]
[EventDate "2013.11.03"]
[EventType "team-tourn"]
[EventRounds "11"]
[EventCountry "CZE"]
[SourceTitle "EXT 2015"]
[Source "ChessBase"]
[SourceDate "2014.11.20"]
[SourceVersion "1"]
[SourceVersionDate "2014.11.20"]
[SourceQuality "1"]
[WhiteTeam "Bakov nad Jizerou"]
[BlackTeam "Vysehrad"]
[WhiteTeamCountry "CZE"]
[BlackTeamCountry "CZE"]

1. d4 d5 2. Nf3 e6 3. Bf4 c5 4. e3 Nc6 5. c3 Qb6 6. Qb3 c4 7. Qc2 Nf6 8. h3 Qa5 9. Nbd2 b5 10. Be2 Be7 11. 0-0 b4 12. Ne5 Bb7 13. Bf3 Rc8 14. Rfe1 0-0 15. e4 Nxe5 16. Bxe5 Rfe8 17. Re3 Bc6 18. Rae1 dxe4 19. Bxf6 exf3 20. Re5 Qxa2 21. Bxe7 Rxe7 22. d5 Ba4 23. Qc1 fxg2 24. dxe6 Rxe6 25. Rxe6 fxe6 26. Rxe6 Bc6 27. Qe1 Qa4 28. Re7 Rd8 29. f3 Qb5 30. Qe6+ Kh8 31. Nxc4 Bxf3 32. Ne3 Rd1+ 33. Kf2 Rf1+ 0-1